Loading...

Sooranattu kunjanpillai: arivinte prakasagopuram/

Bibliographic Details
Main Author: Rajasekharan,Sooranattu
Format: Printed Book
Language:Malayalam
Published: Thiruvananthapuram: Kerala Bhasha Institute, 2011.
Edition:2nd ed
LEADER 00591nam a22001577a 4500
008 190130b ||||| |||| 00| 0 mal d
999 |c 301052  |d 301052 
020 |a 9788176380317 
082 |a 850.92K 
100 |a Rajasekharan,Sooranattu 
245 |a Sooranattu kunjanpillai:   |b arivinte prakasagopuram/  |c Rajasekharan Sooranattu 
250 |a 2nd ed 
260 |a Thiruvananthapuram:  |b Kerala Bhasha Institute,  |c 2011. 
300 |a 199p. 
942 |c BK 
952 |0 0  |1 0  |2 ddc  |4 0  |6 850_000000000000000_92K_RAJ_S  |7 0  |9 344249  |a MAL  |b MAL  |c ST1  |d 2019-01-30  |g 120.00  |l 0  |o 850.92K RAJ/S  |p MALG884  |r 2019-01-30  |w 2019-01-30  |y BK